00978cam a2200289 i 4500001001000000003001000010005001700020007000300037008004100040040001400081041000800095082002300103100003800126245015100164264006100315264001100376300001200387336002700399337003300426338002800459653001900487653002000506942000700526945001100533952012700544999001700671768714001CO-MdFUSB20240622093206.0ta240622t1964 -uk||||| |||| 00| 0 eng d cCO-MdFUSB0 aeng04224a234.3 bB7472h1 aBoston, Thomas (1677-1732)eautor10aHuman nature in its fourfold state : bof primitive integrity entire depravity begun recovery and consummate happiness or misery c/ Thomas Boston 1aLondon, Wi., USA : bThe Banner of Truth Trust, c[1964] 4c©1964 a506 Pag atextobtxt2rdacontent 2rdamediaasin mediaciónbn 2rdacarrieravolumenbnc aSoteriología aAntropología  cBK aMiguel 001040708GENaFUSBCbFUSBCd2004-12-06l0oG 234.3 B7472h p3434r2019-12-12 00:00:00t1w2016-01-26yBKB0C3IINV2023 c34860d34860